Представление документа в формате MARC21

ПолеНазваниеЗначение
  Тип записи a
  Библиографический уровень m
001 Контрольный номер RU/URAIT/582662
005 Дата корректировки 20260429163558.5
008 Кодируемые данные 260429s2026 RU y f j 000 0 rus u
020 Индекс ISBN __
a ISBN 978-5-534-18790-8
c Цена, тираж 1429.00
040 Источник каталогиз. __
a Служба первич. каталог. ИКО Юрайт
c Служба, преобразующая запись ИКО Юрайт
e Правила каталог. RCR
041 Код языка издания __
a Код языка текста rus
044 Код страны публикации __
a Код страны публикации RU
080 Индекс УДК __
a Индекс УДК 34
084 Индекс другой классификации/Индекс ББК __
2 Источник индекса rubbk
a Индекс другой классификации/Индекс ББК 67.0
100 Автор __
a Автор Кудрявцева Е. В.
q Полное имя Кудрявцева Елена Васильевна
245 Заглавие __
a Заглавие Юридическая техника: как написать судебное решение
b Продолж. заглавия - (отсутствует)
c Ответственность Е. В. Кудрявцева, Л. А. Прокудина.
250 Сведения об издании __
g пер. и доп
a Основные сведения об издании 5-е изд.
256 Характеристики компьютерного файла __
a Характеристики компьютерного файла Электрон. дан.
260 Выходные данные __
a Место издания Москва
b Издательство Юрайт
c Дата издания 2026
300 Физическое описание __
a Объем 259 с
440 Серия __
a Серия Консультации юриста
500 Примечания __
a Примечание URL: https://urait.ru/bcode/582662 (дата обращения: 29.04.2026).
520 Аннотация __
a Аннотация «Как написать судебное решение» — четвертая книга серии «Профессиональные навыки юриста». В курсе рассмотрены особенности судебного решения как вида юридического письма и как результата логического анализа правового материала применительно к конкретным фактическим обстоятельствам; раскрыты требования, которым должно отвечать судебное решение, показаны основные правила подготовки судебного решения и алгоритм его составления с акцентом на требованиям логичности и аргументированности изложения. Курс подготовлен с использованием СПС «КонсультантПлюс».
538 Прим. о системных особенностях __
a Прим. о системных особенностях Режим доступа: Электронно-библиотечная система Юрайт, для авториз. пользователей
653 Ключевые слова __
a Ключевые слова Гражданское право
653 Ключевые слова __
a Ключевые слова Юридические науки
653 Ключевые слова __
a Ключевые слова Юридическая техника
653 Ключевые слова __
a Ключевые слова Юридическая техника и технологии
700 Другие авторы __
a Другие авторы Прокудина Л. А.
q Полное имя Прокудина Любовь Аркадьевна
856 Электронный адрес документа 40
n Местонахождение сервера Юрайт
g Электронная книга
q Тип электронного формата html
h Имя пользователя ЮРАЙТ
v Часы доступа к ресурсу 20271231
2 Способ доступа Показать документ
x Служебное примечание https://urait.ru/book/cover/045D7E9C-BF02-45D5-8D36-08CCE3A2E2A0
u URL https://urait.ru/bcode/582662
856 Электронный адрес документа 48
q Тип электронного формата cover
u URL https://urait.ru/book/cover/045D7E9C-BF02-45D5-8D36-08CCE3A2E2A0
911 __
u 0030=https://urait.ru/bcode/582662
911 __
u 073a=9785534187908
u 073d=1429.00
911 __
u 106a=s
911 __
u 900l=
952 Тип литературы __
i Дисциплина Юридическая техника
952 Тип литературы __
i Дисциплина Юридическая техника и технологии